| 000 | 00363pab a2200145 454500 | ||
|---|---|---|---|
| 008 | 180718b1984 xxu||||| |||| 00| 0 eng d | ||
| 100 | _aBhattrai, P.L. | ||
| 245 | _aFire safety in high rise building | ||
| 260 | _c1984 | ||
| 300 | _a29-32 | ||
| 362 | _aOct. | ||
| 650 | _aFire Prevention - Safety Devices And Measures | ||
| 773 | _aCivic Affairs | ||
| 909 | _a8553 | ||
| 999 |
_c8553 _d8553 |
||